Catálogo

Vista normal Vista MARC

Entrada Personal Name

Número de registros utilizados en: 1

001 - CONTROL NUMBER

  • control field: 16659

003 - CONTROL NUMBER IDENTIFIER

  • control field: DLC

005 - DATE AND TIME OF LATEST TRANSACTION

  • control field: 20250218150346.0

008 - FIXED-LENGTH DATA ELEMENTS

  • fixed length control field: 060428n| acannaabn |a aaa

010 ## - LIBRARY OF CONGRESS CONTROL NUMBER

  • LC control number: n 2006033195

035 ## - SYSTEM CONTROL NUMBER

  • System control number: (OCoLC)oca06924878

040 ## - CATALOGING SOURCE

  • Original cataloging agency: DLC
  • Language of cataloging: spa
  • Transcribing agency: Mx-PuUPA
  • Modifying agency: DLC
  • Modifying agency: IEN
  • Modifying agency: Mx-PuUPA
  • Description conventions: rda

100 1# - HEADING--PERSONAL NAME

  • Personal name: Díaz de Terán Velasco, Ma. Cruz,
  • Fuller form of name: (María Cruz)

374 ## - OCCUPATION

  • Occupation: Autor

375 ## - GENDER

  • Gender: mujer

377 ## - ASSOCIATED LANGUAGE

  • Language code: spa

400 1# - SEE FROM TRACING--PERSONAL NAME

  • Personal name: Díaz de Terán Velasco, María Cruz

400 1# - SEE FROM TRACING--PERSONAL NAME

  • Personal name: De Terán Velasco, Ma. Cruz Díaz
  • Fuller form of name: (María Cruz Díaz)

400 1# - SEE FROM TRACING--PERSONAL NAME

  • Personal name: Terán Velasco, Ma. Cruz Díaz de
  • Fuller form of name: (María Cruz Díaz de)

400 1# - SEE FROM TRACING--PERSONAL NAME

  • Personal name: Velasco, Ma. Cruz Díaz de Terán
  • Fuller form of name: (María Cruz Díaz de Terán)

670 ## - SOURCE DATA FOUND

  • Source citation: Díaz de Terán Velasco, Ma. Cruz (María Cruz). Derecho y nueva eugenesia, 2005:
  • Information found: t.p. (Ma. Cruz Díaz de Terán Velasco)